Excel 2007 formulas

John Walkenbach's name is synonymous with excellence in computer books that decipher complex technical topics. Known as "Mr. Spreadsheet," Walkenbach provides you with clear explanations on all the methods you can use to maximize the power of Excel with formulas within the frameworks...

ver descrição completa

Na minha lista:
Detalhes bibliográficos
Autor principal: Walkenbach, John
Formato: Livro
Idioma:Undetermined
Publicado em: Indianapolis Wiley Pub 2007
Assuntos:
Tags: Adicionar Tag
Sem tags, seja o primeiro a adicionar uma tag!
Thư viện lưu trữ: Trung tâm Học liệu Trường Đại học Cần Thơ
LEADER 00856nam a2200205Ia 4500
001 CTU_217253
008 210402s9999 xx 000 0 und d
020 |c 34.22 
082 |a 005.54 
082 |b W181 
100 |a Walkenbach, John 
245 0 |a Excel 2007 formulas 
245 0 |c John Walkenbach 
260 |a Indianapolis 
260 |b Wiley Pub 
260 |c 2007 
520 |a John Walkenbach's name is synonymous with excellence in computer books that decipher complex technical topics. Known as "Mr. Spreadsheet," Walkenbach provides you with clear explanations on all the methods you can use to maximize the power of Excel with formulas within the frameworks of all the new features of Excel 
650 |a Microsoft Excel,Phần mềm Excel 
904 |i Trinh, Sang, Tuyến 
980 |a Trung tâm Học liệu Trường Đại học Cần Thơ